KOHA-Header-6

Percy Jackson and the lightning thief (Record no. 2405)

000 -LEADER
fixed length control field 00309nam a2200121Ia 4500
008 - FIXED-LENGTH DATA ELEMENTS--GENERAL INFORMATION
fixed length control field 190802s9999 xx 000 0 und d
020 ## - INTERNATIONAL STANDARD BOOK NUMBER
International Standard Book Number 978-0-141-32999-4
100 ## - MAIN ENTRY--PERSONAL NAME
Personal name Rick Riordan
245 #0 - TITLE STATEMENT
Title Percy Jackson and the lightning thief
260 ## - PUBLICATION, DISTRIBUTION, ETC. (IMPRINT)
Place of publication, distribution, etc London
Name of publisher, distributor, etc Penguin Books
Date of publication, distribution, etc 2010
300 ## - PHYSICAL DESCRIPTION
Extent 374:p
942 ## - ADDED ENTRY ELEMENTS (KOHA)
Koha item type Books
Holdings
Withdrawn status Lost status Source of classification or shelving scheme Damaged status Not for loan Collection code Permanent Location Current Location Shelving location Date acquired Full call number Barcode Date last seen Price effective from Koha item type
          English Literature MAJU MAJU Shelf No.A23 2019-12-28 813.6 9028 2019-08-03 2019-08-03 English Literature

Powered by Koha